Online Catalogue and eLibrary

An introduction to language and society (Record no. 3026)

MARC details
000 -LEADER
fixed length control field 00456nam a2200193Ia 4500
005 - DATE AND TIME OF LATEST TRANSACTION
control field 20240813015751.0
008 - FIXED-LENGTH DATA ELEMENTS--GENERAL INFORMATION
fixed length control field 240331s9999 xx 000 0 und d
020 ## - INTERNATIONAL STANDARD BOOK NUMBER
ISBN 0415072387
082 ## - DDC Classification
Item Number - Author Mark MON
Class No. 400
100 ## - MAIN ENTRY--PERSONAL NAME
Personal name Montgomery, M
245 #3 - TITLE STATEMENT
Title An introduction to language and society
250 ## - EDITION STATEMENT
Edition statement 2nd
260 ## - PUBLICATION, DISTRIBUTION, ETC.
Place of publication, distribution, etc. London
Name of publisher, distributor, etc. Routledge
Date of publication, distribution, etc. 1995
300 ## - PHYSICAL DESCRIPTION
Extent (e.g. Volumes, Pages etc.) xxix, 272 p .,
650 ## - SUBJECT ADDED ENTRY--TOPICAL TERM
Topical term or geographic name entry element Society
650 ## - SUBJECT ADDED ENTRY--TOPICAL TERM
Topical term or geographic name entry element Culture
650 ## - SUBJECT ADDED ENTRY--TOPICAL TERM
Topical term or geographic name entry element Social
942 ## - Koha item type (Biblio)
Koha item type Books in Stacks (Lending)
Holdings
Lost status Damaged status Collection code Home library Current library Shelving location Date acquired Full call number Accession Number Item type
    Lending WERC Library WERC Library Social Science Cupboard 03/31/2024 400 MON 5155 Books in Stacks (Lending)

© WERC Library